Normal view
MARC view
- MEXICO -
Entry Nombre Geográfico
001 - NÚMERO DE CONTROL
- campo de control: 21210
003 - IDENTIFICADOR DE NUMERO DE CONTROL
- campo de control: UPN
005 - FECHA Y HORA DE LA ÜLTIMA TRANSACCIÓN
- campo de control: 20210219193937.0
008 - DATOS DE LONGITUD FIJA
- campo de control de longitud fija: nabaccnnaabn|||||||||| b |nc|||||d
035 ## - NÚMERO DE CONTROL
- Número de control: UPN10000021219
040 ## - FUENTE DE CATALOGACIÓN
- Lenguaje de catalogación: SPA
- Agencia de transcripción: UPN
151 ## - ENCABEZAMIENTO - NOMBRE GEOGRÁFICO
- Nombre geográfico: MEXICO -
- Subdivisión general : EMIGRACION E INMIGRACION -
- Subdivisión de forma: LITERATURA JUVENIL
670 ## - FUENTE EN LA QUE SE LOCALIZARON DATOS
- Cita de la fuente: LC
- Información localizada: Mexico - Emigration and immigration - Juvenile literature
902 ## - CATALOGADOR
- Catalogador: MCM/051012
